Guess the billie eilish song #2 - Statistics

General Stats
  • This quiz has been taken 155 times
  • The average score is 103 of 165
Answer Stats
Lyrics % Correct
I
100%
you
98%
a
95%
do
89%
do)
89%
the
88%
when
87%
love
85%
me
85%
to
84%
don't
81%
Don't
81%
no
80%
and
78%
be
76%
I'm
76%
so
75%
my
74%
what
71%
is
70%
like
70%
(like
70%
not
67%
on
67%
know
66%
see
66%
But
64%
that
64%
can't
63%
wanna
63%
If
62%
how
61%
Take
60%
Tell
60%
tell
60%
now
56%
way
56%
'cause
55%
stop
54%
them
54%
rooftop
52%
blue
51%
I'll
51%
world
51%
Better
49%
Leave
49%
need
49%
say
49%
there's
49%
Call
48%
Sorry
48%
(sorry)
48%
sorry
48%
hurry
47%
soon
47%
breathing
46%
endless
46%
leaving
46%
out
46%
Turning
46%
all
45%
save
45%
friends
44%
feel
43%
miss
42%
down
36%
okay
36%
pretentious
36%
cheek
33%
mm
33%
tears
33%
deja
32%
does
32%
matters
32%
salty
32%
vu
32%
scattered
31%
Taste
31%
That's
31%
headache
26%
year-long
25%
No matching quizzes found
Score Distribution
Percent of People with Each Score
Percentile by Number Answered
Your Score History
You have not taken this quiz